Normal view
MARC view
Entry Personal Name
001 - CONTROL NUMBER
- control field: 16684
003 - CONTROL NUMBER IDENTIFIER
- control field: dpl
005 - DATE AND TIME OF LATEST TRANSACTION
- control field: 20100825162329.0
008 - FIXED-LENGTH DATA ELEMENTS
- fixed length control field: 100825|||a|||||| | ||| d
040 ## - CATALOGING SOURCE
- Original cataloging agency: dpl
- Transcribing agency: dpl
100 ## - HEADING--PERSONAL NAME
- Personal name: Kothari,Vinod
670 ## - SOURCE DATA FOUND
- Source citation: Work cat.: (dpl): Kothari,Vinod , Securitisation asset reconstruction & enforcement of securtiy interests /, 2010
670 ## - SOURCE DATA FOUND
- Source citation: Work cat.: (dpl): Kothari,Vinod , Securitisation asset reconstruction & enforcement of securtiy interests /, 2010
